| 000 | 00417nam a22001457a 4500 | ||
|---|---|---|---|
| 008 | 250620b |||||||| |||| 00| 0 eng d | ||
| 020 | _a9781032683744 | ||
| 050 |
_aTP373.5 _b.P49 |
||
| 100 | _aAransiola,Abiodun sesan | ||
| 245 |
_aPhytoremediation in food safety _bRisks and prospects |
||
| 260 |
_aBoca Raton _bCRCpress _c2025 |
||
| 300 |
_aXxv, 279p. _bIll |
||
| 650 | _aFood crops- biotechnology | ||
| 942 | _cBK | ||
| 999 |
_c3919 _d3919 |
||